<?xml version="1.0" encoding="UTF-8"?>
<record
    xmlns:xsi="http://www.w3.org/2001/XMLSchema-instance"
    xsi:schemaLocation="http://www.loc.gov/MARC21/slim http://www.loc.gov/standards/marcxml/schema/MARC21slim.xsd"
    xmlns="http://www.loc.gov/MARC21/slim">

  <leader>00960nam a22002417a 4500</leader>
  <controlfield tag="005">20231102151633.0</controlfield>
  <controlfield tag="008">140124t2010    xxua   f |||| 00| 0 esp d</controlfield>
  <datafield tag="020" ind1=" " ind2=" ">
    <subfield code="a">970-07-6944-5</subfield>
  </datafield>
  <datafield tag="040" ind1=" " ind2=" ">
    <subfield code="e">RDA</subfield>
  </datafield>
  <datafield tag="082" ind1=" " ind2=" ">
    <subfield code="a">HB75 R337 2010 </subfield>
  </datafield>
  <datafield tag="100" ind1="1" ind2="0">
    <subfield code="9">RAMOS Espinosa, Ignacio</subfield>
  </datafield>
  <datafield tag="245" ind1="1" ind2="0">
    <subfield code="a">Introducci&#xF3;n a la teor&#xED;a econ&#xF3;mica</subfield>
    <subfield code="c">/ Ignasio Ramos Espinosa</subfield>
  </datafield>
  <datafield tag="250" ind1=" " ind2=" ">
    <subfield code="a">2</subfield>
  </datafield>
  <datafield tag="260" ind1=" " ind2=" ">
    <subfield code="a">M&#xE9;xico</subfield>
    <subfield code="b">: Porr&#xFA;a</subfield>
    <subfield code="c">, 2010</subfield>
  </datafield>
  <datafield tag="300" ind1=" " ind2=" ">
    <subfield code="a">252 p&#xE1;ginas</subfield>
  </datafield>
  <datafield tag="337" ind1=" " ind2=" ">
    <subfield code="a">texto</subfield>
  </datafield>
  <datafield tag="338" ind1=" " ind2=" ">
    <subfield code="a">sin medio</subfield>
  </datafield>
  <datafield tag="339" ind1=" " ind2=" ">
    <subfield code="a">vol&#xFA;men</subfield>
  </datafield>
  <datafield tag="500" ind1=" " ind2=" ">
    <subfield code="a">Licenciatura Max
14 004727</subfield>
  </datafield>
  <datafield tag="505" ind1=" " ind2=" ">
    <subfield code="a">Unidad uno Nociones generales
Unidad dos Conceptos econ&#xF3;micos fundamentales
Unidad tres La teor&#xED;a economicaen su contexto hist&#xF3;rico. Actividad, ciencia y sistemas econ&#xF3;micos
Unidad cuatro Teor&#xED;a microecon&#xF3;mica
Unidad cinco Teor&#xED;as y pol&#xED;ticas macroecon&#xF3;micas
Unidad seis La economia mundial
Glosario 
Bibliografia</subfield>
  </datafield>
  <datafield tag="650" ind1=" " ind2=" ">
    <subfield code="2">ADMINISTRACI&#xD3;N</subfield>
    <subfield code="x">TEOR&#xCD;A ECON&#xD3;MICA</subfield>
  </datafield>
  <datafield tag="942" ind1=" " ind2=" ">
    <subfield code="c">LB</subfield>
    <subfield code="2">ddc</subfield>
  </datafield>
  <datafield tag="952" ind1=" " ind2=" ">
    <subfield code="0">0</subfield>
    <subfield code="1">0</subfield>
    <subfield code="2">lcc</subfield>
    <subfield code="4">0</subfield>
    <subfield code="7">0</subfield>
    <subfield code="a">14</subfield>
    <subfield code="b">14</subfield>
    <subfield code="d">2012-12-05</subfield>
    <subfield code="l">8</subfield>
    <subfield code="m">2</subfield>
    <subfield code="o">HB75 R337 2010</subfield>
    <subfield code="p">14 004727</subfield>
    <subfield code="r">2018-10-24</subfield>
    <subfield code="s">2018-10-24</subfield>
    <subfield code="t">1</subfield>
    <subfield code="w">2014-01-24</subfield>
    <subfield code="y">LB</subfield>
  </datafield>
  <datafield tag="999" ind1=" " ind2=" ">
    <subfield code="c">91809</subfield>
    <subfield code="d">91809</subfield>
  </datafield>
</record>
